[Event "Eliminacje Miedzywojewodzkie (MA - WM) grupa C13"]
[Site "OSW „Nadrzecze” ul. Brzostowa 5, 07-306 Brok"]
[Date "1899-12-30"]
[Round "1.1"]
[White "Jozwik, Michal"]
[Black "Kazmierowski, Tymon"]
[Result "0-1"]
[WhiteTitle "II"]
[BlackTitle "I"]
[WhiteElo "1478"]
[BlackElo "1970"]

1. Nf3 c5 2. g3 g6 3. Bg2 Bg7 4. O-O d6 5. d3 e5 6. c4 Ne7 7. Nc3 O-O 8. a3 Nbc6
9. Rb1 a5 10. Nd5 h6 11. Bd2 Be6 12. Nxe7+ Qxe7 13. Qc1 Kh7 14. b4 f5 15. bxa5
e4 16. dxe4 fxe4 17. Nh4 Nd4 18. Re1 Bg4 19. f3 Bh5 20. g4 Qxh4 21. gxh5 exf3
22. exf3 Nxf3+ 23. Bxf3 Rxf3 24. Rxb7 Qg4+ 25. Kh1 Rf2 26. Rxg7+ Kh8 27. Rxg6
Qf3+ 28. Rg2 Qxg2# 0-1

[Event "Eliminacje Miedzywojewodzkie (MA - WM) grupa C13"]
[Site "OSW „Nadrzecze” ul. Brzostowa 5, 07-306 Brok"]
[Date "1899-12-30"]
[Round "1.2"]
[White "Klim, Filip"]
[Black "Szymkiewicz, Witold"]
[Result "1-0"]
[WhiteTitle "I++"]
[BlackTitle "II+"]
[WhiteElo "1950"]
[BlackElo "1244"]

1. e4 e5 2. Nf3 Nc6 3. Bc4 Bc5 4. c3 Nf6 5. d3 d5 6. exd5 Nxd5 7. O-O Bg4 8. Nbd2
O-O 9. Ne4 Bb6 10. h3 Bh5 11. a3 Nf6 12. Bg5 h6 13. Nxf6+ gxf6 14. Bxh6 Re8 15.
g4 Bg6 16. Nh4 Kh7 17. Nxg6 Kxg6 18. Be3 Rh8 19. Qf3 Qe7 20. Kg2 Rag8 21. Bd5
Rh4 22. Bxc6 bxc6 23. Qxc6 Kh7 24. Qe4+ Kh8 25. f4 Qd7 26. f5 Bxe3 27. Qxe3 Qd5+
28. Rf3 Qb3 29. Qf2 Rh7 30. Re1 Qb7 31. Re4 a6 32. b4 Qc6 33. Rc4 Qa4 34. Rxc7
Qd1 35. Rc4 Rg5 36. Re3 Rg8 37. Qe2 Qc1 38. a4 Qb1 39. Kh2 Rh4 40. Qe1 Qc2+ 41.
Qe2 Qxa4 42. g5 Rh7 43. Rxe5 Qa1 44. Re8 Rxe8 45. Qxe8+ Kg7 46. gxf6+ Kxf6 47.
Qd8+ Kxf5 48. Qd5+ Kg6 49. Rg4+ Kf6 50. Qd6+ Kf5 51. Rf4+ Kg5 52. Qf6+ Kh5 53.
Rf5# 1-0

[Event "Eliminacje Miedzywojewodzkie (MA - WM) grupa C13"]
[Site "OSW „Nadrzecze” ul. Brzostowa 5, 07-306 Brok"]
[Date "1899-12-30"]
[Round "1.3"]
[White "Rodziewicz-bielewicz, Kuba"]
[Black "Janeczko, Jakub"]
[Result "0-1"]
[WhiteTitle "II"]
[BlackTitle "I"]
[WhiteElo "1164"]
[BlackElo "1879"]

1. e4 c5 2. Nf3 Nc6 3. Bb5 g6 4. Bxc6 dxc6 5. h3 Bg7 6. O-O e5 7. c4 Ne7 8. Re1
O-O 9. b3 Qd6 10. Bb2 f6 11. Nc3 Be6 12. Qc2 g5 13. Rad1 Ng6 14. Ba3 g4 15. d4
gxf3 16. Bxc5 Qc7 17. Bxf8 Bxf8 18. d5 Bd7 19. dxc6 Bxc6 20. g3 Nf4 21. Nd5 Bxd5
22. exd5 Qd7 23. Qe4 Nxh3+ 24. Kf1 Ng5 25. Qh4 e4 26. d6 Bxd6 27. Rd5 Qe6 28.
Rxg5+ fxg5 29. Qxg5+ Kh8 30. Qh5 Re8 31. g4 Bb4 32. Rd1 e3 33. fxe3 Qxe3 34. Rd2
Qe1# 0-1

[Event "Eliminacje Miedzywojewodzkie (MA - WM) grupa C13"]
[Site "OSW „Nadrzecze” ul. Brzostowa 5, 07-306 Brok"]
[Date "1899-12-30"]
[Round "1.4"]
[White "Pancewicz, Szymon"]
[Black "Kaczorowski, Jan"]
[Result "1-0"]
[WhiteTitle "I+"]
[BlackTitle "III"]
[WhiteElo "1793"]
[BlackElo "1107"]

1. e4 c6 2. d4 d5 3. exd5 cxd5 4. Nc3 Nc6 5. Nf3 Bg4 6. Be3 e6 7. a3 Nf6 8. Be2
a6 9. O-O Bd6 10. Qd2 Qc7 11. h3 Bh5 12. Rac1 Na5 13. b4 Nc4 14. Bxc4 Qxc4 15.
Ne5 Qc7 16. Nd3 Rc8 17. Na4 Qc6 18. Nac5 b6 19. Nb3 Ne4 20. Qe1 Nc3 21. g4 Bg6
22. Ne5 Qb5 23. Kg2 Ne2 24. Rb1 Bxc2 25. Rb2 Bxe5 26. dxe5 d4 27. Nxd4 Nxd4 28.
Bxd4 Qd5+ 29. f3 Qxd4 30. Rf2 Qxb2 31. Qe3 O-O 32. Qxb6 Qxa3 33. Qd4 Rfd8 34.
Qf4 Bd3 35. Qd2 Bf1+ 1-0

[Event "Eliminacje Miedzywojewodzkie (MA - WM) grupa C13"]
[Site "OSW „Nadrzecze” ul. Brzostowa 5, 07-306 Brok"]
[Date "1899-12-30"]
[Round "1.6"]
[White "Rylski, Tadeusz"]
[Black "Obidzinski, Cezary"]
[Result "1-0"]
[WhiteTitle "II+"]
[BlackTitle "III"]
[WhiteElo "1641"]
[BlackElo "1033"]

1. d4 Nf6 2. c4 g6 3. Nc3 Bg7 4. e4 d6 5. Nf3 Bg4 6. Be2 Nbd7 7. O-O O-O 8. Bg5
Bxf3 9. Bxf3 e5 10. dxe5 Nxe5 11. Be2 Qd7 12. Bxf6 Bxf6 13. f4 Nc6 14. e5 Be7
15. Nd5 Rad8 16. Bg4 f5 17. exf6 Qe8 18. fxe7 Nxe7 19. Be6+ Kg7 20. Qd4+ Kh6 21.
Rf3 g5 22. Rh3+ Kg6 23. Nxe7+ Qxe7 24. f5+ Rxf5 25. Bxf5+ Kxf5 26. Rf1+ Kg6 27.
Qe4+ Kg7 28. Rxh7+ Kg8 29. Qg6+ Qg7 30. Qxg7# 1-0

[Event "Eliminacje Miedzywojewodzkie (MA - WM) grupa C13"]
[Site "OSW „Nadrzecze” ul. Brzostowa 5, 07-306 Brok"]
[Date "1899-12-30"]
[Round "2.1"]
[White "Kazmierowski, Tymon"]
[Black "Pancewicz, Szymon"]
[Result "1-0"]
[WhiteTitle "I"]
[BlackTitle "I+"]
[WhiteElo "1970"]
[BlackElo "1793"]

1. d4 d5 2. c4 e6 3. Nf3 c5 4. cxd5 exd5 5. g3 Nc6 6. Bg2 cxd4 7. Nxd4 Bc5 8. Nxc6
bxc6 9. Qc2 Bb4+ 10. Bd2 Bxd2+ 11. Nxd2 Bd7 12. O-O Nf6 13. Rac1 O-O 14. Nb3 Rb8
15. Nc5 Rb6 16. Rfd1 Qb8 17. b3 Bg4 18. Rd2 a5 19. Qd3 Qa8 20. h3 Bc8 21. e4 Be6
22. Qe3 Qb8 23. f4 Re8 24. e5 Nd7 25. Na4 Ra6 26. Bf1 Ra7 27. Rxc6 Rc7 28. Rdc2
Rec8 29. Qc1 Rxc6 30. Rxc6 Rxc6 31. Qxc6 Qa7+ 32. Kh2 Qf2+ 33. Bg2 Qxa2 34. Nb6
Nf8 35. Nxd5 Bxd5 36. Qxd5 a4 37. bxa4 Qxa4 38. f5 Qa6 39. Qd8 g6 40. e6 fxe6
41. fxe6 Kg7 42. e7 Ne6 43. Qd7 Nf8 44. Qc6 Qxc6 45. Bxc6 Kf7 46. e8=Q+ 1-0

[Event "Eliminacje Miedzywojewodzkie (MA - WM) grupa C13"]
[Site "OSW „Nadrzecze” ul. Brzostowa 5, 07-306 Brok"]
[Date "1899-12-30"]
[Round "2.2"]
[White "Grzadka, Artur"]
[Black "Klim, Filip"]
[Result "1-0"]
[WhiteTitle "I"]
[BlackTitle "I++"]
[WhiteElo "1659"]
[BlackElo "1950"]

1. d4 d5 2. c4 e6 3. Nf3 Nf6 4. g3 Be7 5. Bg2 O-O 6. O-O b6 7. Nbd2 Bb7 8. b3 Nbd7
9. Bb2 Ne4 10. Nxe4 dxe4 11. Nd2 f5 12. e3 c5 13. Qe2 Bf6 14. Rad1 cxd4 15. exd4
Qe7 16. f3 e5 17. dxe5 exf3 18. Nxf3 Rae8 19. Qf2 Nxe5 20. Nxe5 Bxg2 21. Qxg2
Bxe5 22. Qd5+ Kh8 23. Rde1 Bxb2 24. Rxe7 Rxe7 25. Rxf5 Bf6 26. Kg2 h6 27. Qd6
Rfe8 28. c5 bxc5 29. Qxc5 Rd7 30. Rf2 Red8 31. Qa5 Rd5 32. Qb4 Rd4 33. Qa3 Rd3
34. Qa4 R3d5 35. b4 Rd2 36. Qxa7 R2d4 37. Qc5 R4d7 38. b5 Rd5 39. Qb6 Bd4 40.
Qa6 Bxf2 41. Kxf2 Rd2+ 42. Ke3 R2d6 43. Qa5 Rd3+ 44. Ke2 R3d5 45. a4 Re8+ 46.
Kf2 Rf5+ 47. Kg1 Re2 48. Qd8+ Kh7 49. Qd3 Re1+ 50. Kg2 g6 51. b6 Re7 52. Qa6 Rf6
53. a5 h5 54. Qb5 Rf5 55. Qa6 Rf6 56. Qc4 Rd7 57. Qb4 Rb7 58. Qd4 Re6 59. Qd5
Rbxb6 60. axb6 Rxb6 61. Qf7+ Kh6 62. Qf8+ Kh7 63. Qe7+ 1-0

[Event "Eliminacje Miedzywojewodzkie (MA - WM) grupa C13"]
[Site "OSW „Nadrzecze” ul. Brzostowa 5, 07-306 Brok"]
[Date "1899-12-30"]
[Round "2.3"]
[White "Janeczko, Jakub"]
[Black "Rylski, Tadeusz"]
[Result "1-0"]
[WhiteTitle "I"]
[BlackTitle "II+"]
[WhiteElo "1879"]
[BlackElo "1641"]

1. e4 c6 2. d4 d5 3. Nc3 dxe4 4. Nxe4 Nf6 5. Nxf6+ gxf6 6. Bc4 h5 7. c3 Bf5 8.
Qb3 Qb6 9. Bxf7+ Kd7 10. Ne2 e6 11. Qxb6 axb6 12. Ng3 Bd3 13. Bxh5 c5 14. Be2
Bxe2 15. Nxe2 cxd4 16. Nxd4 Nc6 17. Nxc6 bxc6 18. Be3 Bd6 19. h3 f5 20. O-O-O
Kc7 21. Bxb6+ Kxb6 22. Rxd6 Rxa2 23. Kc2 Rg8 24. Rg1 e5 25. Rf6 f4 26. g4 Kc5
27. Re1 Kd5 28. Kb3 Ra7 29. c4+ Kd4 30. Rd6+ Kc5 31. Re6 Rh8 32. R6xe5+ Kd6 33.
Rh5 Rxh5 34. gxh5 Rh7 35. Re4 Rxh5 36. Rxf4 Rxh3+ 37. f3 Rh2 38. Rf6+ Kc5 39.
Kc3 Kb6 40. b4 Kc7 41. Kd4 Rh5 42. f4 Rh1 43. Kc5 Rh5+ 44. f5 Kd7 45. Rd6+ Ke7
46. Kxc6 Rxf5 47. Rd5 Rf4 48. Kc5 Rf8 49. b5 Rc8+ 50. Kb4 Ke6 51. b6 Rc6 52. Kb5
Rc8 53. b7 Rf8 54. Rd1 Rf2 55. Kc6 Rb2 56. Re1+ Kf7 57. Kc7 1-0

[Event "Eliminacje Miedzywojewodzkie (MA - WM) grupa C13"]
[Site "OSW „Nadrzecze” ul. Brzostowa 5, 07-306 Brok"]
[Date "1899-12-30"]
[Round "2.4"]
[White "Krasniewski, Maciej"]
[Black "Jozwik, Michal"]
[Result "1-0"]
[WhiteTitle "I"]
[BlackTitle "II"]
[WhiteElo "1521"]
[BlackElo "1478"]

1. e4 d5 2. exd5 Nf6 3. Nf3 Nxd5 4. c4 Nb6 5. Nc3 Nc6 6. d4 Bg4 7. c5 Nd7 8. Be2
e6 9. h3 Bh5 10. O-O Be7 11. Be3 O-O 12. a3 a5 13. Qc2 Bf6 14. Rfd1 Ne7 15. Ne5
Bxe2 16. Nxe2 c6 17. Nc3 Bxe5 18. dxe5 Nd5 19. Nxd5 exd5 20. Bd4 Re8 21. Re1 Nf8
22. f4 Ne6 23. Qf2 a4 24. Rad1 Qa5 25. f5 Ng5 26. Qg3 Ne4 27. Rxe4 dxe4 28. e6
f6 29. Bxf6 Qxc5+ 30. Bd4 Qf8 31. Qg4 Kh8 32. f6 gxf6 33. Rf1 h5 34. Qxh5+ Kg7
35. Qg5+ Kh7 36. Rxf6 Qg7 37. Qh5+ Kg8 38. Rg6 Re7 39. Rxg7+ Rxg7 40. Bxg7 Kxg7
41. Qf7+ 1-0

[Event "Eliminacje Miedzywojewodzkie (MA - WM) grupa C13"]
[Site "OSW „Nadrzecze” ul. Brzostowa 5, 07-306 Brok"]
[Date "1899-12-30"]
[Round "2.5"]
[White "Szymkiewicz, Witold"]
[Black "Suchocki, Jan"]
[Result "1-0"]
[WhiteTitle "II+"]
[BlackTitle "II"]
[WhiteElo "1244"]
[BlackElo "1095"]

1. e4 g6 2. d4 Bg7 3. Be3 c6 4. Nc3 d5 5. exd5 cxd5 6. Be2 Nf6 7. Qd2 Nc6 8. a3
b6 9. f3 e5 10. Bb5 Bb7 11. dxe5 Nd7 12. Nxd5 Ndxe5 13. O-O-O Qc8 14. h4 h5 15.
Ne2 Qd7 16. Bf4 O-O-O 17. Qc3 Qe8 18. Kb1 Kb8 19. Nb4 Rc8 20. Qe3 Ka8 21. Nd4
Qe7 22. Ndxc6 Nxc6 23. Bxc6 Qxe3 24. Bxb7+ Kxb7 25. Bxe3 Rhe8 26. Bf4 Re7 27.
Rd2 Rce8 28. Rhd1 Kc8 29. Nc6 Re1 30. Ka2 Rxd1 31. Rxd1 Kb7 32. Nd8+ Ka6 33. Nxf7
Re2 34. Rd2 Rxd2 35. Bxd2 Kb5 36. Kb3 Kc5 37. c3 a5 38. g4 hxg4 39. fxg4 b5 40.
h5 gxh5 41. gxh5 a4+ 42. Kc2 Kc4 43. h6 Bxh6 44. Bxh6 Kd5 1-0

[Event "Eliminacje Miedzywojewodzkie (MA - WM) grupa C13"]
[Site "OSW „Nadrzecze” ul. Brzostowa 5, 07-306 Brok"]
[Date "1899-12-30"]
[Round "2.6"]
[White "Obidzinski, Cezary"]
[Black "Rodziewicz-bielewicz, Kuba"]
[Result "0-1"]
[WhiteTitle "III"]
[BlackTitle "II"]
[WhiteElo "1033"]
[BlackElo "1164"]

1. d4 d5 2. c4 c6 3. Nf3 Nf6 4. cxd5 cxd5 5. e3 a6 6. Bd3 Bg4 7. h3 Bxf3 8. Qxf3
e6 9. O-O Nbd7 10. Nc3 e5 11. Nxd5 exd4 12. Nxf6+ Nxf6 13. exd4 Rb8 14. Bf4 Bd6
15. Rfe1+ Kf8 16. Bg5 Qb6 17. Bxf6 gxf6 18. Qxf6 Bh2+ 19. Kxh2 Qxf6 0-1

[Event "Eliminacje Miedzywojewodzkie (MA - WM) grupa C13"]
[Site "OSW „Nadrzecze” ul. Brzostowa 5, 07-306 Brok"]
[Date "1899-12-30"]
[Round "3.1"]
[White "Grzadka, Artur"]
[Black "Kazmierowski, Tymon"]
[Result "1/2-1/2"]
[WhiteTitle "I"]
[BlackTitle "I"]
[WhiteElo "1659"]
[BlackElo "1970"]

1. d4 Nf6 2. c4 e6 3. Nf3 Bb4+ 4. Bd2 Be7 5. g3 O-O 6. Bg2 b6 7. Nc3 Bb7 8. O-O
Ne4 9. Nxe4 Bxe4 10. Bc3 d6 11. Nd2 Bxg2 12. Kxg2 c5 13. dxc5 dxc5 14. Nf3 Nc6
15. b3 Qc7 16. Qc2 Rfd8 17. Qb2 f6 18. Rad1 Rd7 19. Qc2 Rad8 20. Rxd7 Qxd7 21.
Qe4 Qd6 22. Qg4 g6 23. Qe4 e5 24. g4 Bf8 25. Rc1 Qe6 26. h3 Bh6 27. Re1 Rd7 28.
Nh4 Ne7 29. e3 Qc6 30. Qf3 Rd3 31. Rc1 Qxf3+ 32. Nxf3 Nc6 33. Kf1 Kf7 34. Ke2
Rd8 35. Rd1 Rxd1 36. Kxd1 Ke6 37. Ke2 Bf8 38. Nd2 Be7 39. f4 Bd6 40. Ne4 Bc7 41.
Kd3 h6 42. fxe5 Nxe5+ 43. Ke2 f5 44. gxf5+ gxf5 45. Nd2 Nf7 46. Kf2 Ng5 47. Kg2
Ne4 48. Nxe4 fxe4 49. Be1 Ke5 1/2-1/2

[Event "Eliminacje Miedzywojewodzkie (MA - WM) grupa C13"]
[Site "OSW „Nadrzecze” ul. Brzostowa 5, 07-306 Brok"]
[Date "1899-12-30"]
[Round "3.2"]
[White "Krasniewski, Maciej"]
[Black "Janeczko, Jakub"]
[Result "1-0"]
[WhiteTitle "I"]
[BlackTitle "I"]
[WhiteElo "1521"]
[BlackElo "1879"]

1. e4 c5 2. Nf3 Nc6 3. d4 cxd4 4. Nxd4 g6 5. Nc3 Bg7 6. Be3 Nf6 7. Bc4 O-O 8. Bb3
Re8 9. f3 e6 10. O-O d5 11. exd5 Nxd5 12. Nxd5 exd5 13. Bf2 a6 14. Qd2 Qd6 15.
c3 Be5 16. g3 Bh3 17. Rfe1 h5 18. Rad1 Nxd4 19. cxd4 Bf6 20. Rc1 Qb6 21. Rc5 Be7
22. Rxd5 Be6 23. Rde5 Bb4 24. d5 Bxd2 25. Bxb6 Bd7 26. Rxe8+ Rxe8 27. Rxe8+ Bxe8
28. Bd4 Bb4 29. Kf2 f5 30. Ke3 Bd6 31. f4 Kf7 32. Bb6 Ke7 33. Kd4 Bb5 34. Bc4
Bxc4 35. Kxc4 Kd7 36. b4 h4 37. Bd4 b5+ 38. Kc3 h3 39. a3 Bc7 40. Bc5 Bd8 41.
Kb3 Bc7 42. a4 g5 43. fxg5 Bxg3 44. g6 bxa4+ 45. Kxa4 Be5 46. Bf8 Ke8 47. g7 Kf7
48. d6 f4 49. d7 Bc7 50. Bd6 Bd8 51. Bxf4 Kxg7 52. b5 axb5+ 53. Kxb5 Kf6 54. Kc6
Kf5 55. Bc7 Bg5 56. d8=Q Kg4 57. Qd1+ Kf5 58. Qf3+ Kg6 1-0

[Event "Eliminacje Miedzywojewodzkie (MA - WM) grupa C13"]
[Site "OSW „Nadrzecze” ul. Brzostowa 5, 07-306 Brok"]
[Date "1899-12-30"]
[Round "3.3"]
[White "Klim, Filip"]
[Black "Rodziewicz-bielewicz, Kuba"]
[Result "1-0"]
[WhiteTitle "I++"]
[BlackTitle "II"]
[WhiteElo "1950"]
[BlackElo "1164"]

1. e4 g6 2. d4 Bg7 3. Nc3 c6 4. Nf3 d5 5. Bd3 Bg4 6. e5 f6 7. exf6 Nxf6 8. h3 Bxf3
9. Qxf3 O-O 10. Qe2 Re8 11. f4 Qb6 12. Qe3 Nbd7 13. O-O Ne4 14. Ne2 c5 15. Bxe4
cxd4 16. Bxd5+ e6 17. Qf3 exd5 18. Qxd5+ Kh8 19. Ng3 Nf6 20. Qb3 Qxb3 21. axb3
a6 22. Bd2 Rac8 23. Rac1 Ne4 24. Nxe4 Rxe4 25. Rfe1 Rxe1+ 26. Rxe1 Kg8 27. Rc1
Kf7 28. Kf2 Re8 29. c3 h5 30. Kf3 Re6 31. cxd4 Bxd4 32. Rc7+ Re7 33. Rxe7+ Kxe7
34. Bc3 Bxc3 35. bxc3 Kd6 36. Ke4 Ke6 37. g4 a5 38. c4 b6 39. Kd4 Kd6 40. f5 hxg4
41. hxg4 g5 42. Ke4 Kc5 43. f6 Kb4 44. f7 1-0

[Event "Eliminacje Miedzywojewodzkie (MA - WM) grupa C13"]
[Site "OSW „Nadrzecze” ul. Brzostowa 5, 07-306 Brok"]
[Date "1899-12-30"]
[Round "3.4"]
[White "Pancewicz, Szymon"]
[Black "Szymkiewicz, Witold"]
[Result "1-0"]
[WhiteTitle "I+"]
[BlackTitle "II+"]
[WhiteElo "1793"]
[BlackElo "1244"]

1. e4 e5 2. Nf3 Nc6 3. Bb5 Nge7 4. O-O d6 5. d4 exd4 6. Nxd4 Bd7 7. Nb3 h5 8. Nc3
a6 9. Be2 g6 10. Bg5 Bg7 11. Nd5 Be6 12. Qd2 Bxd5 13. exd5 Ne5 14. f4 Nd7 15.
Rae1 Nf6 16. Bd3 O-O 17. f5 Kh7 18. Nd4 Qd7 19. fxg6+ fxg6 20. Ne6 Rf7 21. Qe2
Kg8 22. Nxg7 Nexd5 23. Ne6 Re8 24. Bxg6 1-0

[Event "Eliminacje Miedzywojewodzkie (MA - WM) grupa C13"]
[Site "OSW „Nadrzecze” ul. Brzostowa 5, 07-306 Brok"]
[Date "1899-12-30"]
[Round "3.5"]
[White "Rylski, Tadeusz"]
[Black "Kaczorowski, Jan"]
[Result "1-0"]
[WhiteTitle "II+"]
[BlackTitle "III"]
[WhiteElo "1641"]
[BlackElo "1107"]

1. e4 c5 2. Nf3 d6 3. d4 cxd4 4. Nxd4 Nf6 5. Nc3 a6 6. Be3 e5 7. Nb3 Nbd7 8. f3
b5 9. a4 b4 10. Nd5 Rb8 11. Bc4 Be7 12. a5 O-O 13. Nxe7+ Qxe7 14. Qd3 Nc5 15.
Nxc5 dxc5 16. Bxa6 Bxa6 17. Qxa6 Ra8 18. Qc4 Rfc8 19. O-O Qc7 20. a6 Qc6 21. Ra5
Qb6 22. Rfa1 Nh5 23. Rxc5 Rxc5 24. Qxc5 Qg6 25. Qd5 Rf8 26. a7 Nf4 27. Bxf4 exf4
28. a8=Q Rxa8 29. Rxa8# 1-0

[Event "Eliminacje Miedzywojewodzkie (MA - WM) grupa C13"]
[Site "OSW „Nadrzecze” ul. Brzostowa 5, 07-306 Brok"]
[Date "1899-12-30"]
[Round "3.6"]
[White "Jozwik, Michal"]
[Black "Obidzinski, Cezary"]
[Result "1-0"]
[WhiteTitle "II"]
[BlackTitle "III"]
[WhiteElo "1478"]
[BlackElo "1033"]

1. d4 Nf6 2. c4 g6 3. Nc3 Bg7 4. Nf3 O-O 5. Bf4 d6 6. e3 Bg4 7. Be2 Nbd7 8. h3
Bxf3 9. Bxf3 c6 10. O-O e5 11. Bh2 Re8 12. Rc1 Nb6 13. c5 exd4 14. Qxd4 dxc5 15.
Qxc5 Nfd7 16. Qd6 Nc4 17. Qb4 Ndb6 18. Rfd1 Qg5 19. Ne4 Qb5 20. Qxb5 cxb5 21.
Nd6 Nxd6 22. Rxd6 Rac8 23. Rxc8 Rxc8 24. b3 Bf8 25. Rd2 Bb4 26. Rd4 Rc1+ 27. Rd1
Rxd1+ 28. Bxd1 Nd5 29. Be5 Bc3 30. Bb8 a5 31. Bf3 Nb4 32. a3 Nc2 33. Bd6 b6 34.
Bc6 Bb2 35. a4 bxa4 36. bxa4 Ba3 37. Bc7 Bc5 38. Kf1 Kf8 39. Ke2 Ke7 40. Bb5 Nb4
41. Kd2 Nd5 42. Be5 Ke6 43. Bb2 Nf6 44. Kd3 Nd7 45. Bc4+ Ke7 46. Ke4 f5+ 47. Kd5
Nf6+ 48. Kc6 Ne4 49. Bd4 Bb4 50. Bxb6 Nxf2 51. Kb5 Nd1 52. Bxa5 Bxa5 53. Kxa5
Nxe3 54. Bb5 Nxg2 55. Kb6 Kd6 56. a5 Ne3 57. a6 Nd5+ 58. Kb7 Nc7 59. a7 f4 60.
Be2 h5 61. h4 Kd7 62. Bf1 f3 63. Bh3+ Kd6 64. Bf1 f2 65. Bh3 Na8 66. Kxa8 Kc7
67. Bf1 Kc8 68. Bg2 Kc7 69. Bh3 g5 70. hxg5 h4 71. g6 f1=Q 72. Bxf1 h3 73. Bxh3
Kd8 74. Kb7 Ke7 75. a8=Q Kd6 76. Qc8 Ke7 77. Qe6+ Kd8 78. Qd7# 1-0

[Event "Eliminacje Miedzywojewodzkie (MA - WM) grupa C13"]
[Site "OSW „Nadrzecze” ul. Brzostowa 5, 07-306 Brok"]
[Date "1899-12-30"]
[Round "4.1"]
[White "Kazmierowski, Tymon"]
[Black "Krasniewski, Maciej"]
[Result "1-0"]
[WhiteTitle "I"]
[BlackTitle "I"]
[WhiteElo "1970"]
[BlackElo "1521"]

1. d4 Nf6 2. c4 g6 3. Nf3 Bg7 4. g3 d6 5. Bg2 O-O 6. O-O Nc6 7. Nc3 a6 8. Qc2 Rb8
9. Rd1 Nd7 10. e4 e5 11. d5 Ne7 12. Be3 f5 13. Ng5 Nf6 14. Ne6 Bxe6 15. dxe6 Qc8
16. Nd5 Nfxd5 17. cxd5 Qd8 18. Rac1 Rc8 19. Qb3 b5 20. Qa3 Ra8 21. Qc3 f4 22.
Bd2 Ra7 23. Qb3 Qb8 24. Ba5 Nc8 25. Rc6 Ne7 26. Rc3 Nc8 27. Qc2 Nb6 28. Bxb6 Qxb6
29. Rc6 Qb8 30. Rc1 fxg3 31. hxg3 Bh6 32. Rd1 Re8 33. Rd3 Re7 34. Rdc3 Qd8 35.
Bh3 Bg7 36. Bf1 Bf6 37. Ra3 Qb8 38. Raxa6 Rb7 39. Qb3 h5 40. Ra5 b4 41. Qa4 Re8
42. Rca6 Qd8 43. Qc6 Rb8 44. Ra7 Rc8 45. Ba6 Ra8 46. Rxa8 Qxa8 47. Bb7 Qxa5 48.
Qxe8+ Kh7 49. Qf7+ Bg7 50. e7 b3 51. e8=Q Qe1+ 52. Kh2 Qxe4 53. Qeg8+ Kh6 54.
Qgxg7+ 1-0

[Event "Eliminacje Miedzywojewodzkie (MA - WM) grupa C13"]
[Site "OSW „Nadrzecze” ul. Brzostowa 5, 07-306 Brok"]
[Date "1899-12-30"]
[Round "4.2"]
[White "Janeczko, Jakub"]
[Black "Grzadka, Artur"]
[Result "1-0"]
[WhiteTitle "I"]
[BlackTitle "I"]
[WhiteElo "1879"]
[BlackElo "1659"]

1. e4 c6 2. d3 d5 3. Nd2 g6 4. Ngf3 Bg7 5. c3 b6 6. Qc2 Bb7 7. b3 Nd7 8. Bb2 e6
9. Be2 Ngf6 10. O-O O-O 11. g3 Qc7 12. Nh4 c5 13. f4 dxe4 14. dxe4 Qc6 15. Bf3
e5 16. c4 Qc7 17. Ng2 Rfe8 18. Rae1 Rad8 19. Nb1 Bc6 20. Nc3 Qb7 21. Nd5 a6 22.
Nge3 Qb8 23. Bg2 Nh5 24. f5 b5 25. Qf2 Nhf6 26. g4 g5 27. Bc3 b4 28. Bd2 h6 29.
h4 Bb7 30. hxg5 hxg5 31. Bf3 Qc8 32. Qh2 Nh7 33. f6 Ndxf6 34. Nf5 Nxd5 35. exd5
f6 36. Be4 Nf8 37. d6 Bxe4 38. Ne7+ Rxe7 39. Rxe4 Re6 40. Qh5 Qc6 41. Re2 Rdxd6
42. Rh2 Qd7 43. Rff2 Re8 44. Be3 Rd1+ 45. Kg2 Qc6+ 46. Rf3 Rf1 47. Kxf1 Qxf3+
48. Rf2 Qc6 1-0

[Event "Eliminacje Miedzywojewodzkie (MA - WM) grupa C13"]
[Site "OSW „Nadrzecze” ul. Brzostowa 5, 07-306 Brok"]
[Date "1899-12-30"]
[Round "4.3"]
[White "Pancewicz, Szymon"]
[Black "Klim, Filip"]
[Result "1/2-1/2"]
[WhiteTitle "I+"]
[BlackTitle "I++"]
[WhiteElo "1793"]
[BlackElo "1950"]

1. e4 e5 2. Nf3 Nc6 3. Bb5 a6 4. Ba4 Nf6 5. O-O b5 6. Bb3 Bc5 7. c3 d6 8. Re1 O-O
9. d4 Bb6 10. h3 h6 11. Be3 Re8 12. Nbd2 Na5 13. Bc2 c5 14. d5 c4 15. Bxb6 Qxb6
16. b4 cxb3 17. axb3 Bd7 18. b4 Nb7 19. Qb1 g5 20. c4 g4 21. hxg4 Nxg4 22. Rf1
Kh8 23. Qb2 f6 24. Bd3 Rg8 25. cxb5 axb5 26. Rxa8 Rxa8 27. Nh2 Rg8 28. Ndf3 Nd8
29. Rc1 Ne3 30. Bf1 Nxf1 31. Nxf1 Nf7 32. Ne3 Ng5 33. Nxg5 Rxg5 34. Qc3 Rg7 1/2-1/2

[Event "Eliminacje Miedzywojewodzkie (MA - WM) grupa C13"]
[Site "OSW „Nadrzecze” ul. Brzostowa 5, 07-306 Brok"]
[Date "1899-12-30"]
[Round "4.4"]
[White "Szymkiewicz, Witold"]
[Black "Rylski, Tadeusz"]
[Result "0-1"]
[WhiteTitle "II+"]
[BlackTitle "II+"]
[WhiteElo "1244"]
[BlackElo "1641"]

1. e4 c6 2. d4 d5 3. e5 Bf5 4. g4 Be4 5. f3 Bg6 6. Nc3 e6 7. h4 h5 8. g5 Nd7 9.
Nce2 c5 10. c3 Ne7 11. Nf4 Bf5 12. Bd3 g6 13. Nge2 Bxd3 14. Qxd3 Nf5 15. a3 Be7
16. Ng2 Rc8 17. Ne3 Nxe3 18. Bxe3 cxd4 19. cxd4 Qb6 20. Rb1 O-O 21. Nf4 Kg7 22.
Kf2 Rc7 23. Kg3 Rfc8 24. Bd2 Rc4 25. Bc3 Qb3 26. Ne2 a6 27. Qd2 Nb6 28. Qd1 Qxd1
29. Rhxd1 Na4 30. Ra1 Nxb2 31. Bxb2 Rc2 32. Rac1 R8c6 33. Kf2 Rxb2 34. Rxc6 bxc6
35. Rc1 Bxa3 36. Rxc6 a5 37. Ra6 Bb4 38. Ra7 Ra2 39. Ke3 a4 40. Rb7 Be1 41. Nc1
Bd2+ 0-1

[Event "Eliminacje Miedzywojewodzkie (MA - WM) grupa C13"]
[Site "OSW „Nadrzecze” ul. Brzostowa 5, 07-306 Brok"]
[Date "1899-12-30"]
[Round "4.5"]
[White "Rodziewicz-bielewicz, Kuba"]
[Black "Jozwik, Michal"]
[Result "0-1"]
[WhiteTitle "II"]
[BlackTitle "II"]
[WhiteElo "1164"]
[BlackElo "1478"]

1. e4 g6 2. d4 Bg7 3. Nc3 c5 4. Nf3 cxd4 5. Nxd4 Nc6 6. Be3 Nf6 7. Bc4 Qa5 8. O-O
O-O 9. Re1 d6 10. h3 Qc5 11. Be2 Qb4 12. Nb3 Nxe4 13. Nd5 Qa4 14. f3 Nf6 15. Nc3
Qh4 16. Qd2 Nh5 17. Bg5 Qg3 18. Ne4 Qe5 19. Bc4 Qxb2 20. Rab1 Qa3 21. Re3 Qxa2
22. Ree1 Qa4 23. g4 Qxc4 24. gxh5 Ne5 25. Qg2 Qe6 26. hxg6 Qxg6 27. f4 Nc6 28.
Rbd1 h6 29. Bh4 Bxh3 30. Qxg6 fxg6 31. Nf2 Bf5 32. Nd3 e5 33. fxe5 dxe5 34. Rd2
e4 35. Nf2 Bc3 0-1

[Event "Eliminacje Miedzywojewodzkie (MA - WM) grupa C13"]
[Site "OSW „Nadrzecze” ul. Brzostowa 5, 07-306 Brok"]
[Date "1899-12-30"]
[Round "4.6"]
[White "Kaczorowski, Jan"]
[Black "Suchocki, Jan"]
[Result "1-0"]
[WhiteTitle "III"]
[BlackTitle "II"]
[WhiteElo "1107"]
[BlackElo "1095"]

1. e4 e5 2. Nf3 Nc6 3. Bb5 a6 4. Bxc6 bxc6 5. Nc3 d6 6. O-O g6 7. h3 Bg7 8. d4
exd4 9. Nxd4 Bd7 10. Re1 Ne7 11. Bg5 O-O 12. Nf3 Re8 13. Qe2 Qc8 14. Kh2 Kh8 15.
Qd2 Ng8 16. Qf4 Rf8 17. e5 dxe5 18. Nxe5 Bxe5 19. Qxe5+ f6 20. Bxf6+ Rxf6 21.
Ne4 Qe8 22. Nxf6 Qxe5+ 23. Rxe5 Nxf6 24. Ra5 Kg7 25. Re1 Kf7 26. c4 Bc8 27. Rae5
Ng8 28. Ra5 Be6 29. Rc1 Nf6 30. b4 Ne8 31. Rc5 Bd7 32. Re1 Nf6 33. Rce5 Ng8 34.
Ra5 Be6 35. Rc1 Ra7 36. b5 Ne7 37. Rxa6 Rxa6 38. bxa6 Nc8 39. a3 Ke7 40. c5 Kf6
41. Kg3 h6 42. h4 Kf5 43. Kf3 Bd5+ 44. Kg3 Be6 45. Rb1 Bc4 46. Rb7 Bxa6 47. Rxc7
Bb5 48. Rxc8 Ke5 49. Rd8 Ke6 50. Rd6+ Kf7 51. f4 Kg7 52. h5 gxh5 53. f5 Kh7 54.
f6 Kg6 55. f7+ Kxf7 56. Rxh6 Kg7 57. Rxh5 Kg6 58. Rh4 Kg5 59. Rb4 Kf5 60. Rxb5
cxb5 61. c6 Ke6 62. Kf4 Kd5 1-0

[Event "Eliminacje Miedzywojewodzkie (MA - WM) grupa C13"]
[Site "OSW „Nadrzecze” ul. Brzostowa 5, 07-306 Brok"]
[Date "1899-12-30"]
[Round "5.1"]
[White "Janeczko, Jakub"]
[Black "Kazmierowski, Tymon"]
[Result "1-0"]
[WhiteTitle "I"]
[BlackTitle "I"]
[WhiteElo "1879"]
[BlackElo "1970"]

1. e4 c6 2. d4 d5 3. Nc3 dxe4 4. Nxe4 Bf5 5. Ng3 Bg6 6. h4 h6 7. Nf3 Nd7 8. h5
Bh7 9. Bd3 Bxd3 10. Qxd3 e6 11. Ne4 Ngf6 12. g3 Nxe4 13. Qxe4 Nf6 14. Qe2 Bd6
15. Bd2 Qc7 16. O-O-O O-O-O 17. c4 Rhe8 18. c5 Bf8 19. Bf4 Qa5 20. Qc4 Nd5 21.
Bd2 Qc7 22. Ne5 f6 23. Ng6 e5 24. dxe5 fxe5 25. Bc3 Qf7 26. Bxe5 Qxf2 27. Qg4+
Rd7 28. Bd4 Qf7 29. Rhf1 Qg8 30. Qf5 Nb4 31. Bc3 Nxa2+ 32. Kc2 Re2+ 33. Rd2 Rexd2+
34. Bxd2 Bxc5 35. Ne5 Qd5 36. Qxd7+ Qxd7 37. Nxd7 Kxd7 38. Kb3 1-0